Hasil Ghat (Record no. 16760)
[ view plain ]
| 000 -LEADER | |
|---|---|
| fixed length control field | 00239nam a22001097a 4500 |
| 008 - FIXED-LENGTH DATA ELEMENTS--GENERAL INFORMATION | |
| fixed length control field | 140102t xxu||||| |||| 00| 0 eng d |
| 020 ## - INTERNATIONAL STANDARD BOOK NUMBER | |
| International Standard Book Number | 9789693514964 |
| 100 ## - MAIN ENTRY--PERSONAL NAME | |
| Personal name | Bano Qudsiya |
| 9 (RLIN) | 488 |
| 245 ## - TITLE STATEMENT | |
| Title | Hasil Ghat |
| 300 ## - PHYSICAL DESCRIPTION | |
| Extent | 340 |
| 942 ## - ADDED ENTRY ELEMENTS (KOHA) | |
| Source of classification or shelving scheme | |
| Koha item type | Book |
| Withdrawn status | Lost status | Source of classification or shelving scheme | Damaged status | Not for loan | Collection code | Permanent Location | Current Location | Date acquired | Total Checkouts | Full call number | Barcode | Date last seen | Price effective from | Koha item type |
|---|---|---|---|---|---|---|---|---|---|---|---|---|---|---|
| Atta-ur-Rahman School of Applied Biosciences (ASAB) | Atta-ur-Rahman School of Applied Biosciences (ASAB) | 12/14/2015 | Fic Qudsiya | ASAB2792 | 12/14/2015 | 12/14/2015 | Book | |||||||
| Atta-ur-Rahman School of Applied Biosciences (ASAB) | Atta-ur-Rahman School of Applied Biosciences (ASAB) | 01/02/2014 | Fic Qudsiya | ASAB2791 | 01/02/2014 | 01/02/2014 | Book | |||||||
| Atta-ur-Rahman School of Applied Biosciences (ASAB) | Atta-ur-Rahman School of Applied Biosciences (ASAB) | 01/02/2014 | Fic Qudsiya | ASAB2790 | 01/02/2014 | 01/02/2014 | Book | |||||||
| Atta-ur-Rahman School of Applied Biosciences (ASAB) | Atta-ur-Rahman School of Applied Biosciences (ASAB) | 01/02/2014 | Fic Qudsiya | ASAB2789 | 06/12/2017 | 01/02/2014 | Book | |||||||
| Atta-ur-Rahman School of Applied Biosciences (ASAB) | Atta-ur-Rahman School of Applied Biosciences (ASAB) | 01/02/2014 | Fic Qudsiya | ASAB2788 | 12/14/2015 | 01/02/2014 | Book |
